000 nam a22 a 4500
999 _c200421
_d200421
003 BLK
005 20230401030427.0
008 180411b bul|||||r ||||||| ||bul||
010 _aKNG00209839000
040 _aBLK
041 _aBUL
_cBUL
080 _aБългарска литература
_b821.163.2
_x(092)
_z821.163.2(092)
080 _aБългарски поет
_b929 Лилиев, Николай
_z929 Лилиев, Николай
100 1 _aКонстантинов, Георги Гогов
_eпърви автор
_9379441
139 _aКонстантинов, Георги Гогов
_bЛ 58
245 1 0 _aНиколай Лилиев
_bЧовекът, поетът
_cГеорги Гогов Константинов
257 _aBGR
260 _bБълг. писател
_c1963
_aСофия
300 _a264 с.
_b9 л. портр., 1 л. факс.
_c25 см
380 _a82
500 _a5 100 тир.
600 1 4 _aЛилиев, Николай
_qПопиванов, Николай Михайлов
_d1885-1960
_988821
650 4 _aЛилиев, Николай
_988821
852 _aЦб 26083
_bЦб
856 4 _qpdf
856 4 _qpdf
942 _cKNG
_n0
_s1
944 _aCR
_c08.02.2018
_kГрета_Цуфелде
944 _aED
_c08.02.2018
_kГрета_Цуфелде
999 _d200421